Riconosci il Pokémon - Quiz n°96 - Statistics

Statistiche generali
  • Questo quiz è stato fatto 5 volte
  • Il punteggio medio è 10 su 10
Statistiche sulle risposte
Indizio Risposta % Corretto
Altezza 0,9 m
100%
Tasso di cattura 180 (33.8%)
100%
Peso 20,0 kg
100%
Sesso 50% ♂, 50% ♀
100%
Stadio evoluzione Forma Base
100%
Abilità Forza Interiore; Rigenergia; Temerarietà
100%
Tipo Lotta
100%
Tasso di allevamento Medio-Lento
100%
Generazione Quinta
100%
Pokémon Mienfoo
75%
Nessun quiz corrispondente trovato
Distribuzione punteggi
Percentuale di utenti per punteggio
Percentile per numero di risposta
I tuoi punteggi nel tempo
Non hai fatto questo quiz